[Event "Wch U12"]
[Site "Sharm El Sheikh"]
[Date "2023.10.16"]
[Round "1"]
[White "Mendes, Aaron Reeve"]
[Black "Ikhsan, Yersultan"]
[Result "1-0"]
[WhiteElo "2290"]
[BlackElo "1638"]
[PlyCount "99"]
[GameId "1968701367599104"]
[EventDate "2023.10.16"]
[EventType "swiss"]
[EventRounds "11"]
[EventCountry "EGY"]
[SourceTitle "EXT 2025"]
[Source "ChessBase"]
[SourceDate "2024.10.14"]
[SourceVersion "1"]
[SourceVersionDate "2024.10.14"]
[SourceQuality "1"]

1. e4 c5 2. Nf3 Nc6 3. Bb5 g6 4. Bxc6 dxc6 5. d3 Bg7 6. h3 Nf6 7. Nc3 Nd7 8. Be3 e5 9. Qd2 Qe7 10. Bh6 f6 11. Bxg7 Qxg7 12. a3 O-O 13. O-O Qe7 14. Nh2 Qd6 15. b3 Rd8 16. Kh1 Nf8 17. f4 exf4 18. Rxf4 g5 19. Rf2 Ng6 20. Raf1 Rf8 21. Ne2 Bd7 22. Qc3 Qe5 23. Rxf6 Qxc3 24. Nxc3 Rxf6 25. Rxf6 Rf8 26. Rxf8+ Kxf8 27. Ne2 Ke7 28. Kg1 Kf6 29. g4 Ne5 30. Ng3 Be8 31. Kf2 Ng6 32. Nh5+ Kf7 33. Nf3 h6 34. d4 b6 35. dxc5 bxc5 36. Ke3 Bd7 37. e5 Be6 38. c4 Ke7 39. Ke4 Nf8 40. Ng7 a6 41. Nf5+ Bxf5+ 42. gxf5 Nd7 43. Ne1 a5 44. Nd3 h5 45. a4 Kd8 46. f6 Ke8 47. Kf5 g4 48. hxg4 h4 49. Nf2 Nf8 50. g5 1-0

[Event "Wch U12"]
[Site "Sharm El Sheikh"]
[Date "2023.10.17"]
[Round "2"]
[White "Muradylov, Baiel"]
[Black "Mendes, Aaron Reeve"]
[Result "0-1"]
[WhiteElo "1866"]
[BlackElo "2290"]
[PlyCount "116"]
[GameId "1969078161956864"]
[EventDate "2023.10.16"]
[EventType "swiss"]
[EventRounds "11"]
[EventCountry "EGY"]
[SourceTitle "EXT 2025"]
[Source "ChessBase"]
[SourceDate "2024.10.14"]
[SourceVersion "1"]
[SourceVersionDate "2024.10.14"]
[SourceQuality "1"]

1. d4 Nf6 2. c4 g6 3. Nc3 d5 4. Nf3 Bg7 5. Qb3 dxc4 6. Qxc4 O-O 7. e4 Nc6 8. Be2 Bg4 9. Be3 Bxf3 10. Bxf3 e5 11. d5 Nd4 12. Bd1 Ne8 13. Bb3 Nd6 14. Qd3 f5 15. O-O-O Nxb3+ 16. axb3 f4 17. Bc5 a6 18. f3 b6 19. Bf2 Qd7 20. Kd2 a5 21. Ke2 g5 22. h3 h5 23. Rc1 b5 24. Bc5 Rfb8 25. Bxd6 cxd6 26. Rc2 a4 27. b4 a3 28. Ra1 axb2 29. Rxa8 Rxa8 30. Rxb2 Rb8 31. Ra2 Bf6 32. Ra6 Bd8 33. Nxb5 Rxb5 34. Rxd6 Qxd6 35. Qxb5 Be7 36. Qc6 Qxb4 37. Qg6+ Kf8 38. Qf5+ Kg7 39. Qxe5+ Bf6 40. Qc7+ Kg6 41. Qc8 Qd6 42. Qc6 Qxc6 43. dxc6 Bd8 44. Kd3 Kf6 45. Kc4 Ke5 46. Kc5 Bc7 47. Kc4 Kd6 48. Kb5 Bd8 49. h4 gxh4 50. Kc4 Kxc6 51. Kd4 Kd6 52. e5+ Ke6 53. Ke4 Bg5 54. Kd4 Kf5 55. Kd5 Be7 56. Kd4 Ba3 57. Kd5 Bb2 58. e6 Ba3 0-1

[Event "Wch U12"]
[Site "Sharm El Sheikh"]
[Date "2023.10.18"]
[Round "3"]
[White "Mendes, Aaron Reeve"]
[Black "Minkhajdarov, Ruslan"]
[Result "1-0"]
[WhiteElo "2290"]
[BlackElo "1905"]
[PlyCount "67"]
[GameId "1969431579512832"]
[EventDate "2023.10.16"]
[EventType "swiss"]
[EventRounds "11"]
[EventCountry "EGY"]
[SourceTitle "EXT 2025"]
[Source "ChessBase"]
[SourceDate "2024.10.14"]
[SourceVersion "1"]
[SourceVersionDate "2024.10.14"]
[SourceQuality "1"]

1. e4 c5 2. Nf3 d6 3. Bb5+ Bd7 4. Bxd7+ Qxd7 5. O-O Nf6 6. Re1 Nc6 7. c3 e6 8. d4 cxd4 9. cxd4 d5 10. e5 Ne4 11. a3 Be7 12. Nbd2 Nxd2 13. Bxd2 O-O 14. Rc1 Rfc8 15. h4 Qd8 16. h5 h6 17. Bc3 b5 18. Qd3 Qb6 19. g4 b4 20. Bd2 bxa3 21. bxa3 Qd8 22. Kh1 Qe8 23. Kg2 Bf8 24. g5 f5 25. Rh1 Nd8 26. Rcg1 Kh7 27. Rh3 Rc7 28. Kh1 Rb8 29. Qf1 Kh8 30. Qg2 Qf7 31. Nh4 Nc6 32. Ng6+ Kh7 33. Nxf8+ Rxf8 34. g6+ 1-0

[Event "Wch U12"]
[Site "Sharm El Sheikh"]
[Date "2023.10.19"]
[Round "4"]
[White "Smirnov, Mark1"]
[Black "Mendes, Aaron Reeve"]
[Result "0-1"]
[WhiteElo "2005"]
[BlackElo "2290"]
[PlyCount "110"]
[GameId "1969802505674752"]
[EventDate "2023.10.16"]
[EventType "swiss"]
[EventRounds "11"]
[EventCountry "EGY"]
[SourceTitle "EXT 2025"]
[Source "ChessBase"]
[SourceDate "2024.10.14"]
[SourceVersion "1"]
[SourceVersionDate "2024.10.14"]
[SourceQuality "1"]

1. e4 c5 2. Nf3 d6 3. d4 cxd4 4. Nxd4 Nf6 5. Nc3 a6 6. Bg5 Nbd7 7. Bc4 Qb6 8. Bb3 e6 9. Qd2 Be7 10. O-O-O Nc5 11. Rhe1 h6 12. Bh4 Qc7 13. Bg3 Nxb3+ 14. axb3 Qa5 15. Kb1 Qg5 16. f4 Qg4 17. Qe3 Nh5 18. Nd5 Bd8 19. Nf5 exd5 20. Nxd6+ Kf8 21. exd5 Kg8 22. Qe8+ Kh7 23. Qxf7 Bf6 24. Rd3 Qg6 25. Qxg6+ Kxg6 26. h3 Nxg3 27. Rxg3+ Kh7 28. Ne8 Bd4 29. Re7 Rg8 30. Nc7 Rb8 31. Ne6 Bf6 32. Rc7 Bxe6 33. dxe6 Rgd8 34. Rd3 Rxd3 35. cxd3 Rd8 36. Kc2 Rd6 37. f5 Rc6+ 38. Rxc6 bxc6 39. d4 g6 40. g4 gxf5 41. gxf5 Kg7 42. Kd3 Be7 43. Ke4 Kf6 44. Kf4 h5 45. Ke4 Bd6 46. d5 c5 47. h4 Bf8 48. Kf4 Bd6+ 49. Ke4 a5 50. b4 cxb4 51. b3 Bc5 52. Kd3 Kxf5 53. Kc4 Bd6 54. Kb5 Ke4 55. Kc6 Ke5 0-1

[Event "Wch U12"]
[Site "Sharm El Sheikh"]
[Date "2023.10.20"]
[Round "5"]
[White "Mendes, Aaron Reeve"]
[Black "Dau, Khuong Duy"]
[Result "0-1"]
[WhiteElo "2290"]
[BlackElo "2277"]
[PlyCount "260"]
[GameId "1970182612774912"]
[EventDate "2023.10.16"]
[EventType "swiss"]
[EventRounds "11"]
[EventCountry "EGY"]
[SourceTitle "EXT 2025"]
[Source "ChessBase"]
[SourceDate "2024.10.14"]
[SourceVersion "1"]
[SourceVersionDate "2024.10.14"]
[SourceQuality "1"]

1. e4 c5 2. Nf3 d6 3. Bb5+ Nd7 4. d4 cxd4 5. Nxd4 Ngf6 6. O-O g6 7. Re1 Bg7 8. Bf1 O-O 9. c4 a5 10. Nc3 Nc5 11. f3 a4 12. Kh1 Bd7 13. Be3 Qa5 14. Qd2 Rfc8 15. Rad1 h5 16. Nc2 Be6 17. Na3 Nfd7 18. Bd4 Nf6 19. Qf2 Ncd7 20. h3 Ne8 21. f4 Bxd4 22. Rxd4 Ng7 23. Be2 Qc5 24. Red1 f6 25. Qg3 Bf7 26. Nd5 Kf8 27. f5 g5 28. h4 g4 29. Qf4 Ne5 30. Nb5 Bxd5 31. exd5 Kg8 32. Re4 Kh7 33. a3 Qb6 34. Rd2 Qd8 35. Qf1 Qa5 36. Rdd4 Rc5 37. Nc3 Rac8 38. Rf4 R5c7 39. g3 Qb6 40. Qb1 Qa5 41. Rde4 Rc5 42. Qd1 Ra8 43. Kg2 Rcc8 44. Qc2 Kg8 45. Bd1 Qd8 46. Qe2 Qd7 47. Bc2 Rc5 48. Bd1 Qe8 49. Qf1 Qd7 50. Rd4 Rcc8 51. Bc2 Rc5 52. Qd1 Qc7 53. Bd3 Qd7 54. Kh1 Kh7 55. Bc2 Rca5 56. Ne4 Kg8 57. Nc3 Kh8 58. Qf1 Kg8 59. Bd1 Kf8 60. Rde4 Kg8 61. Be2 Rc5 62. Kg2 Kh8 63. Nb5 Rac8 64. Kh2 Kg8 65. Nc3 Kh8 66. Qd1 Ra8 67. Nb5 Kg8 68. Nd4 Qe8 69. Ne6 Nxe6 70. fxe6 Kh8 71. Qd2 Qg6 72. Qe3 Rac8 73. Qf2 Kg7 74. Kg2 Kh8 75. Qf1 R5c7 76. Bd1 Ra8 77. Qe2 Kg7 78. Bc2 Qh6 79. Qf2 Rac8 80. Bxa4 Nd3 81. Qe2 Nxf4+ 82. Rxf4 Kh8 83. Bb3 Rc5 84. a4 R5c7 85. Bc2 Kg7 86. Bd3 Ra8 87. b3 b6 88. Qf2 Rb7 89. Qe1 Kh8 90. Qe3 Rbb8 91. Kf2 Rb7 92. Bf5 Rbb8 93. Qd3 Kg7 94. Ke2 Ra7 95. Kd2 Ra5 96. Kd1 Ra7 97. Qd4 Kf8 98. Bd3 Kg7 99. Qe4 Rc7 100. Be2 Kh8 101. Rf5 Rcc8 102. Bd3 Rd8 103. Rf4 Kg7 104. Kc2 Rdc8 105. Kb2 Rd8 106. Qe1 Rdc8 107. a5 bxa5 108. Qxa5 Rb7 109. Kc3 Rcb8 110. Bc2 Kh8 111. Kb2 Qg7 112. Rf5 Qh6 113. c5 Rb5 114. Qc3 Rxc5 115. Qd3 Rbc8 116. Rf2 Rc3 117. Qd4 Rxg3 118. Qa7 Qe3 119. Qxe3 Rxe3 120. Rf5 Re2 121. Rxh5+ Kg8 122. Rf5 Rcxc2+ 123. Ka3 Rf2 124. Rh5 g3 125. b4 g2 126. Rh6 Kg7 127. h5 Kxh6 128. b5 g1=Q 129. b6 Qb1 130. b7 Ra2# 0-1

[Event "Wch U12"]
[Site "Sharm El Sheikh"]
[Date "2023.10.21"]
[Round "6"]
[White "Korelskiy, Egor"]
[Black "Mendes, Aaron Reeve"]
[Result "0-1"]
[WhiteElo "2200"]
[BlackElo "2290"]
[PlyCount "138"]
[GameId "1970533070127104"]
[EventDate "2023.10.16"]
[EventType "swiss"]
[EventRounds "11"]
[EventCountry "EGY"]
[SourceTitle "EXT 2025"]
[Source "ChessBase"]
[SourceDate "2024.10.14"]
[SourceVersion "1"]
[SourceVersionDate "2024.10.14"]
[SourceQuality "1"]

1. Nf3 d5 2. c4 c6 3. e3 Nf6 4. Qc2 Nbd7 5. d4 e6 6. Nc3 Be7 7. b3 b6 8. Bd3 Bb7 9. cxd5 exd5 10. O-O O-O 11. Bb2 Re8 12. Rac1 Rc8 13. Qe2 a5 14. a4 Rc7 15. Qc2 Bd6 16. Rfe1 Bb4 17. Red1 Bd6 18. Re1 Nf8 19. Ne5 Rce7 20. f4 N6d7 21. Qf2 f6 22. Nf3 Nb8 23. Nh4 Ba6 24. Bb1 Bc8 25. Nf3 Na6 26. Qd2 Bg4 27. Qf2 Qd7 28. Nh4 Qd8 29. h3 Bc8 30. Na2 Bd7 31. Nf5 Bxf5 32. Bxf5 Nb8 33. Bd3 Qd7 34. Bc3 f5 35. Bd2 g6 36. Rc2 Qe6 37. Rec1 Ba3 38. Rb1 Nfd7 39. Qf3 Nf6 40. Re1 Nbd7 41. Kh1 Kg7 42. Rb1 h5 43. Kg1 Qd6 44. Qg3 Ne4 45. Bxe4 Rxe4 46. Qf2 R4e6 47. b4 axb4 48. Bxb4 Bxb4 49. Nxb4 c5 50. Nd3 c4 51. Ne5 Nf6 52. Qe1 Ra8 53. Qh4 Qa3 54. Re1 Qxa4 55. Rce2 Ne4 56. Rf1 c3 57. Rc1 b5 58. g4 Qa3 59. Rec2 Rf8 60. gxh5 Rh8 61. Re1 Rxh5 62. Qd8 Qe7 63. Qxd5 Rxh3 64. Rg2 Qh4 65. Qd7+ Kh6 66. Ng4+ fxg4 67. Kf1 Rh1+ 68. Ke2 Qxe1+ 69. Kd3 Qd1+ 0-1

[Event "Wch U12"]
[Site "Sharm El Sheikh"]
[Date "2023.10.22"]
[Round "7"]
[White "Mendes, Aaron Reeve"]
[Black "Ahmad, Khagan"]
[Result "0-1"]
[WhiteElo "2290"]
[BlackElo "2304"]
[PlyCount "112"]
[GameId "1970893017788416"]
[EventDate "2023.10.16"]
[EventType "swiss"]
[EventRounds "11"]
[EventCountry "EGY"]
[SourceTitle "EXT 2025"]
[Source "ChessBase"]
[SourceDate "2024.10.14"]
[SourceVersion "1"]
[SourceVersionDate "2024.10.14"]
[SourceQuality "1"]

1. e4 c5 2. Nf3 d6 3. Bb5+ Nd7 4. d4 cxd4 5. Nxd4 Ngf6 6. O-O a6 7. Bd3 Nc5 8. Nc3 e5 9. Nb3 Nxd3 10. Qxd3 h6 11. a4 Be6 12. Nd5 Bxd5 13. exd5 g6 14. c4 Bg7 15. Bd2 O-O 16. Bc3 a5 17. Nd2 Nd7 18. b4 f5 19. Qg3 Kh7 20. bxa5 Nc5 21. Rfb1 Rf7 22. Qe3 e4 23. Bxg7 Rxg7 24. Nb3 Nxb3 25. Rxb3 Rxa5 26. Rb5 Qf6 27. Qe1 Rxb5 28. axb5 f4 29. Rc1 Re7 30. Qd2 b6 31. h3 Qe5 32. Rd1 e3 33. fxe3 fxe3 34. Qe2 Qc3 35. Rf1 Qd2 36. Re1 Kg7 37. Kh2 h5 38. Qd1 Qxd1 39. Rxd1 Re4 40. Kg3 Rxc4 41. Kf3 Rc5 42. Kxe3 Rxb5 43. Rd4 Kf6 44. Kf4 Rc5 45. h4 b5 46. g4 hxg4 47. Rd2 Rc4+ 48. Kg3 b4 49. Re2 b3 50. Re6+ Kf5 51. Rxd6 Rb4 52. h5 b2 53. Rxg6 Rb3+ 54. Kg2 b1=Q 55. Rg8 Qa2+ 56. Kg1 Rb1# 0-1

[Event "Wch U12"]
[Site "Sharm El Sheikh"]
[Date "2023.10.23"]
[Round "8"]
[White "Alizada, Pasham"]
[Black "Mendes, Aaron Reeve"]
[Result "0-1"]
[WhiteElo "1985"]
[BlackElo "2290"]
[PlyCount "146"]
[GameId "1971259833319424"]
[EventDate "2023.10.16"]
[EventType "swiss"]
[EventRounds "11"]
[EventCountry "EGY"]
[SourceTitle "EXT 2025"]
[Source "ChessBase"]
[SourceDate "2024.10.14"]
[SourceVersion "1"]
[SourceVersionDate "2024.10.14"]
[SourceQuality "1"]

1. e4 c5 2. Nf3 d6 3. Bb5+ Bd7 4. c4 Nf6 5. Nc3 Nc6 6. d3 g6 7. h3 Bg7 8. O-O O-O 9. a3 a6 10. Ba4 e6 11. Rb1 Nd4 12. Nxd4 cxd4 13. Bxd7 Nxd7 14. Ne2 Rc8 15. b4 b5 16. cxb5 axb5 17. Bb2 e5 18. f4 Nb6 19. Qb3 Qd7 20. Rf3 Na4 21. Rff1 Rc7 22. Rbc1 Rfc8 23. Rxc7 Rxc7 24. Rc1 Nb6 25. fxe5 dxe5 26. Rxc7 Qxc7 27. Bc1 h5 28. Bd2 Bf6 29. Qb1 Kg7 30. Nc1 Qe7 31. Nb3 Bg5 32. Bxg5 Qxg5 33. Nc5 Qd2 34. Qb3 h4 35. Kh2 Kf6 36. Kh1 g5 37. Qb1 Qe2 38. Qc1 Kg6 39. Kh2 Kh5 40. Kh1 Kh6 41. Kh2 f6 42. Ne6 Nc4 43. dxc4 bxc4 44. b5 c3 45. a4 Qxe4 46. Qa3 c2 47. b6 Kg6 48. Qb2 Kf5 49. b7 Kxe6 50. Qb3+ Kf5 51. Qxc2 Qxc2 52. b8=Q Qxa4 53. Qb7 Qe8 54. Qh7+ Ke6 55. Qb7 Qd7 56. Qa6+ Kf7 57. Qc4+ Kg7 58. Qd3 f5 59. Qe2 e4 60. Qh5 Qd8 61. Qd1 Qd6+ 62. Kh1 d3 63. Qa1+ Kg6 64. g4 fxg4 65. Qh8 d2 66. Qg8+ Kf6 67. Qh8+ Kf5 68. hxg4+ Kf4 69. Kg2 d1=Q 70. Qb2 Qf3+ 71. Kh2 Kxg4+ 72. Qe5 Qxe5+ 73. Kg1 Qeg3# 0-1

[Event "Wch U12"]
[Site "Sharm El Sheikh"]
[Date "2023.10.24"]
[Round "9"]
[White "Mendes, Aaron Reeve"]
[Black "Bozorov, Javokhir"]
[Result "1-0"]
[WhiteElo "2290"]
[BlackElo "2030"]
[PlyCount "77"]
[GameId "1971603611648000"]
[EventDate "2023.10.16"]
[EventType "swiss"]
[EventRounds "11"]
[EventCountry "EGY"]
[SourceTitle "EXT 2025"]
[Source "ChessBase"]
[SourceDate "2024.10.14"]
[SourceVersion "1"]
[SourceVersionDate "2024.10.14"]
[SourceQuality "1"]

1. e4 c5 2. Nc3 d6 3. d4 cxd4 4. Qxd4 Nf6 5. b3 Nc6 6. Qd2 e6 7. Bb2 Be7 8. O-O-O a6 9. Kb1 b5 10. f3 Bb7 11. g4 Qc7 12. Bg2 O-O-O 13. g5 Nd7 14. Nce2 Rhg8 15. f4 g6 16. h4 Nb6 17. Nf3 d5 18. e5 b4 19. Nfd4 a5 20. h5 Rh8 21. Rh3 Ba6 22. Nxc6 Qxc6 23. Nd4 Qc7 24. Rdh1 Rhf8 25. hxg6 hxg6 26. Rh7 Rd7 27. f5 exf5 28. e6 Rd6 29. Rxf7 Rxf7 30. exf7 Nd7 31. Nf3 d4 32. Nxd4 Qd8 33. Qe1 Bb7 34. Ne6 Rxe6 35. Bxb7+ Kxb7 36. Qxe6 Nf8 37. Qe2 Bxg5 38. Rd1 Qc7 39. Qg2+ 1-0

[Event "Wch U12"]
[Site "Sharm El Sheikh"]
[Date "2023.10.25"]
[Round "10"]
[White "Nguyen, Nam Kiet"]
[Black "Mendes, Aaron Reeve"]
[Result "1-0"]
[WhiteElo "1913"]
[BlackElo "2290"]
[PlyCount "163"]
[GameId "1971986897383424"]
[EventDate "2023.10.16"]
[EventType "swiss"]
[EventRounds "11"]
[EventCountry "EGY"]
[SourceTitle "EXT 2025"]
[Source "ChessBase"]
[SourceDate "2024.10.14"]
[SourceVersion "1"]
[SourceVersionDate "2024.10.14"]
[SourceQuality "1"]

1. d4 Nf6 2. Nf3 g6 3. Nbd2 d5 4. c4 c6 5. b3 Bg7 6. Bb2 O-O 7. e3 Bf5 8. Be2 Nbd7 9. O-O Re8 10. Rc1 Rc8 11. Re1 a6 12. a4 Ne4 13. Nxe4 dxe4 14. Nd2 e5 15. g4 exd4 16. Bxd4 Bxd4 17. exd4 Qg5 18. Kh1 Be6 19. Nxe4 Qf4 20. Qd2 Qxd2 21. Nxd2 Rcd8 22. Ne4 Bd5 23. cxd5 Rxe4 24. dxc6 bxc6 25. Bxa6 Rxd4 26. h3 Rb8 27. Rc3 Rdb4 28. Re7 Nb6 29. Rf3 Nd5 30. Rexf7 Rxb3 31. Bc4 Rxf3 32. Rxf3 Rb1+ 33. Kh2 Ra1 34. Rf6 Kg7 35. Rxc6 Nc3 36. Rc7+ Kf6 37. Bb3 Ne4 38. Rxh7 Ra3 39. Rf7+ Ke5 40. Bc4 Rxa4 41. Bd3 Ng5 42. Rf8 Ne6 43. Rf3 g5 44. Rf5+ Kd4 45. Bf1 Kc3 46. Re5 Nd4 47. Kg2 Ra1 48. Rxg5 Ne6 49. Rf5 Kd4 50. Be2 Nc5 51. h4 Ra2 52. Bd1 Rd2 53. Bf3 Nd3 54. Kg3 Rb2 55. h5 Nxf2 56. h6 Nd3 57. h7 Rb8 58. Rd5+ Ke3 59. g5 Rf8 60. Rxd3+ Kxd3 61. g6 Ke3 62. Bd5 Rf6 63. Bf7 Rf3+ 64. Kg2 Rf2+ 65. Kg1 Kf3 66. h8=Q Rg2+ 67. Kh1 Rc2 68. Qh5+ Kf4 69. Qh2+ Rxh2+ 70. Kxh2 Kg5 71. g7 Kh4 72. Bh5 Kg5 73. g8=Q+ Kf4 74. Qg3+ Ke4 75. Kg2 Kd4 76. Kf3 Kd3 77. Qd6+ Kc3 78. Ke3 Kc2 79. Bg6+ Kb2 80. Qb4+ Ka2 81. Kf4 Ka1 82. Qb1# 1-0

[Event "Wch U12"]
[Site "Sharm El Sheikh"]
[Date "2023.10.26"]
[Round "11"]
[White "Mendes, Aaron Reeve"]
[Black "George Samir, David"]
[Result "1-0"]
[WhiteElo "2290"]
[BlackElo "1950"]
[PlyCount "105"]
[GameId "1972273418530816"]
[EventDate "2023.10.16"]
[EventType "swiss"]
[EventRounds "11"]
[EventCountry "EGY"]
[SourceTitle "EXT 2025"]
[Source "ChessBase"]
[SourceDate "2024.10.14"]
[SourceVersion "1"]
[SourceVersionDate "2024.10.14"]
[SourceQuality "1"]

1. e4 e5 2. Nf3 Nc6 3. Bc4 Nf6 4. d3 Be7 5. c3 d6 6. a4 h6 7. O-O O-O 8. Re1 Be6 9. Bxe6 fxe6 10. b4 Qe8 11. Qb3 Qf7 12. b5 Nb8 13. Be3 Nbd7 14. Nbd2 Rfe8 15. h3 Nf8 16. d4 exd4 17. cxd4 Ng6 18. Rec1 Bd8 19. Rc2 d5 20. e5 Nh5 21. g3 Ne7 22. Kh2 g5 23. a5 c6 24. a6 bxa6 25. bxc6 Bb6 26. Rxa6 Rec8 27. c7 Bxc7 28. Qb7 Bb6 29. Rxc8+ Rxc8 30. Qd7 Rc3 31. Rxb6 axb6 32. Qd8+ Kg7 33. Qxb6 Nf5 34. Bxg5 Kg6 35. Bd8 Ne7 36. Qb1+ Kg7 37. Qb4 Rxf3 38. Nxf3 Nc6 39. Bf6+ Nxf6 40. exf6+ Qxf6 41. Qc3 Ne7 42. Kg2 h5 43. Qc7 Kh6 44. g4 hxg4 45. hxg4 Kh7 46. g5 Qg7 47. Qh2+ Kg8 48. Qd6 Ng6 49. Qxe6+ Kh7 50. Qe3 Qf7 51. Ne5 Nh4+ 52. Kg3 Qh5 53. Qf4 1-0

[Event "Titled Tuesday intern op 07th Nov Late"]
[Site "Chess.com INT"]
[Date "2023.11.08"]
[Round "11"]
[White "Mendes, Aaron Reeve"]
[Black "Baches Garcia, Guillermo"]
[Result "1/2-1/2"]
[WhiteElo "2262"]
[BlackElo "2327"]
[PlyCount "134"]
[GameId "1978998015664128"]
[EventDate "2023.11.07"]
[EventType "swiss (blitz)"]
[EventRounds "11"]
[EventCountry "USA"]
[SourceTitle "EXT 2025"]
[Source "ChessBase"]
[SourceDate "2024.10.14"]
[SourceVersion "1"]
[SourceVersionDate "2024.10.14"]
[SourceQuality "1"]

1. e4 d5 2. exd5 Qxd5 3. Nc3 Qa5 4. d4 Nf6 5. Bd3 Nc6 6. Nge2 Bg4 7. f3 Bf5 8. Bc4 Be6 9. Bxe6 fxe6 10. Nf4 e5 11. dxe5 Qxe5+ 12. Qe2 Qxe2+ 13. Ncxe2 e5 14. Ne6 Kd7 15. Nxf8+ Rhxf8 16. Be3 Rad8 17. O-O-O+ Ke6 18. Nc3 Nd4 19. Rhe1 Kf5 20. Bxd4 exd4 21. Nb5 c5 22. Re7 Rd7 23. Rxd7 Nxd7 24. Nd6+ Kf4 25. Re1 Nf6 26. Re7 b6 27. Rxg7 Ke3 28. Nc4+ Kf2 29. Ne5 Nd5 30. Nd3+ Ke2 31. Rxa7 Ne3 32. Rxh7 c4 33. Nb4 d3 34. Rd7 Rc8 35. a4 Ke1 36. g4 Rc7 37. Rd4 Ke2 38. g5 Rf7 39. f4 Rxf4 40. Rxf4 d2+ 41. Kb1 d1=Q+ 42. Ka2 Nxc2 43. Re4+ Kf3 44. Rxc4 Nxb4+ 45. Rxb4 Qd5+ 46. Ka3 Qc5 47. Kb3 Ke3 48. g6 Qd5+ 49. Ka3 Qd6 50. g7 Qg6 51. Rxb6 Qxg7 52. Rb3+ Kd4 53. Rb4+ Kc5 54. Rb5+ Kc6 55. b3 Qf8+ 56. Ka2 Qf2+ 57. Ka3 Qxh2 58. Rf5 Qd6+ 59. Ka2 Qd2+ 60. Ka3 Qd6+ 61. Ka2 Qd2+ 62. Ka3 Qc1+ 63. Kb4 Qe1+ 64. Ka3 Qa1+ 65. Kb4 Qe1+ 66. Ka3 Qa1+ 67. Kb4 Qe1+ 1/2-1/2

[Event "Titled Tuesday intern op 30th Jan Late"]
[Site "Chess.com INT"]
[Date "2024.01.30"]
[Round "4"]
[White "Mendes, Aaron Reeve"]
[Black "Omariev, Maksim"]
[Result "1-0"]
[WhiteElo "2309"]
[BlackElo "2304"]
[PlyCount "73"]
[GameId "2009437585698816"]
[EventDate "2024.01.30"]
[EventType "swiss (blitz)"]
[EventRounds "11"]
[EventCountry "USA"]
[SourceTitle "EXT 2025"]
[Source "ChessBase"]
[SourceDate "2024.10.14"]
[SourceVersion "1"]
[SourceVersionDate "2024.10.14"]
[SourceQuality "1"]

1. e4 c5 2. Nf3 d6 3. Bb5+ Nd7 4. d4 cxd4 5. Nxd4 Ngf6 6. O-O a6 7. Bd3 e5 8. Nf5 Nc5 9. Nc3 Bxf5 10. exf5 d5 11. Bg5 d4 12. Bxf6 gxf6 13. Ne4 Qb6 14. b4 Nxe4 15. Bxe4 Rc8 16. Rb1 Rc3 17. a4 Bxb4 18. Qg4 Kf8 19. Qh5 a5 20. Qh6+ Ke7 21. Qg7 Rcc8 22. Bd5 Rcf8 23. Rbe1 h5 24. Re4 Bd2 25. Bxf7 Bh6 26. Qg6 Rxf7 27. Rxe5+ Kf8 28. Rfe1 Qd8 29. Re6 Bg5 30. g3 h4 31. f4 hxg3 32. hxg3 Bxf4 33. gxf4 d3 34. cxd3 Qd4+ 35. Kg2 Qb2+ 36. R1e2 Rg7 37. Re8# 1-0

[Event "Titled Tuesday intern op 20th Feb Late"]
[Site "Chess.com INT"]
[Date "2024.02.20"]
[Round "8"]
[White "Gutierrez Olivares, Daniel"]
[Black "Mendes, Aaron Reeve"]
[Result "0-1"]
[WhiteElo "2354"]
[BlackElo "2309"]
[PlyCount "164"]
[GameId "2017029727199232"]
[EventDate "2024.02.20"]
[EventType "swiss (blitz)"]
[EventRounds "11"]
[EventCountry "USA"]
[SourceTitle "EXT 2025"]
[Source "ChessBase"]
[SourceDate "2024.10.14"]
[SourceVersion "1"]
[SourceVersionDate "2024.10.14"]
[SourceQuality "1"]

1. c4 c6 2. Nf3 d5 3. g3 Nf6 4. Bg2 g6 5. O-O Bg7 6. e3 O-O 7. Qe2 b6 8. d3 dxc4 9. dxc4 Qc7 10. e4 e5 11. Nc3 Nbd7 12. b3 Bb7 13. Ba3 Rfd8 14. Rad1 Bf8 15. Bxf8 Nxf8 16. Qe3 Ne6 17. Bh3 Nc5 18. b4 Ncd7 19. Qh6 Nf8 20. Qg5 Kg7 21. Nh4 Ng8 22. c5 f6 23. Qe3 bxc5 24. Qxc5 Bc8 25. Bxc8 Raxc8 26. Ng2 Ne6 27. Qc4 Nd4 28. f4 Ne7 29. Kh1 c5 30. b5 Qb8 31. Ne3 Qb7 32. fxe5 Ng8 33. Ng4 fxe5 34. Nxe5 Nf6 35. Nc6 Nxc6 36. bxc6 Qxc6 37. Nd5 Nxd5 38. exd5 Qd6 39. Qc3+ Kg8 40. Rf6 Qe7 41. Re6 Qxe6 42. dxe6 Rxd1+ 43. Kg2 Re8 44. e7 Rd7 45. Qc4+ Kg7 46. Qc3+ Kf7 47. Qc4+ Kxe7 48. Qxc5+ Kd8 49. Qa5+ Kc8 50. Kh3 Rc7 51. Qa4 Re6 52. Qg4 Rce7 53. Qc4+ Kd7 54. Qd4+ Ke8 55. Qh8+ Kd7 56. Qd4+ Rd6 57. Qa4+ Ke6 58. Qg4+ Kf7 59. Qf4+ Rf6 60. Qb4 h5 61. Qc4+ Kg7 62. Qb4 Ref7 63. Qb3 g5 64. Qd5 Kg6 65. Qd3+ Rf5 66. Qd6+ Kg7 67. Qd4+ Kh7 68. Qd3 a5 69. a3 Kh6 70. Qd2 Kg6 71. Qd6+ R5f6 72. Qd5 a4 73. Qe4+ Kh6 74. Qxa4 Rf2 75. Qc6+ R7f6 76. Qh1 g4+ 77. Kh4 Ra6 78. Qc1+ Kg6 79. Qb1+ Kh6 80. Qc1+ Kg7 81. Qc7+ Kg6 82. Qc5 Rxh2# 0-1

[Event "Titled Tuesday intern op 09th Apr Late"]
[Site "Chess.com INT"]
[Date "2024.04.09"]
[Round "6"]
[White "Demchenko, Anton"]
[Black "Mendes, Aaron Reeve"]
[Result "0-1"]
[WhiteElo "2609"]
[BlackElo "2288"]
[PlyCount "88"]
[GameId "2034767454023680"]
[EventDate "2024.04.09"]
[EventType "swiss (blitz)"]
[EventRounds "11"]
[EventCountry "USA"]
[SourceTitle "EXT 2025"]
[Source "ChessBase"]
[SourceDate "2024.10.14"]
[SourceVersion "1"]
[SourceVersionDate "2024.10.14"]
[SourceQuality "1"]

1. e4 c5 2. Nf3 d6 3. d4 cxd4 4. Qxd4 Nc6 5. Qe3 Nf6 6. h3 g6 7. Bc4 Bg7 8. O-O O-O 9. Rd1 Nd7 10. Nc3 a6 11. a4 b6 12. Qf4 Bb7 13. Qh4 Nde5 14. Nxe5 Nxe5 15. Bb3 Qc7 16. Bg5 Rae8 17. Nd5 Bxd5 18. exd5 b5 19. axb5 axb5 20. Re1 f6 21. Be3 Nc4 22. Ra7 Qc8 23. Bd4 e5 24. dxe6 Rxe6 25. Rxe6 Qxe6 26. Bc3 d5 27. Qf4 Qb6 28. Bd4 Qc6 29. h4 Rf7 30. Qb8+ Bf8 31. Ra8 Kg7 32. Qd8 Qe6 33. Bc3 b4 34. Bd4 Qe4 35. c3 Bd6 36. Qg8+ Kh6 37. g3 Re7 38. Qf8+ Kh5 39. Qxf6 Kg4 40. Kh2 Bxg3+ 41. fxg3 Qe2+ 42. Kg1 Qe1+ 43. Qf1 Qxg3+ 44. Qg2 Re1# 0-1

[Event "Titled Tuesday intern op 11th Jun Late"]
[Site "Chess.com INT"]
[Date "2024.06.11"]
[Round "2"]
[White "Eljanov, Pavel"]
[Black "Mendes, Aaron Reeve"]
[Result "1-0"]
[WhiteElo "2671"]
[BlackElo "2318"]
[PlyCount "81"]
[GameId "2057617435340800"]
[EventDate "2024.06.11"]
[EventType "swiss (blitz)"]
[EventRounds "11"]
[EventCountry "USA"]
[SourceTitle "EXT 2025"]
[Source "ChessBase"]
[SourceDate "2024.10.14"]
[SourceVersion "1"]
[SourceVersionDate "2024.10.14"]
[SourceQuality "1"]

1. d4 d5 2. Bf4 Nf6 3. e3 c5 4. Nf3 Nc6 5. Nbd2 e6 6. c3 Bd6 7. Bg3 O-O 8. Bd3 Qc7 9. dxc5 Bxg3 10. hxg3 e5 11. e4 Rd8 12. exd5 Rxd5 13. Qc2 h6 14. b4 Bg4 15. Ne4 Qd8 16. Nxf6+ Qxf6 17. Be4 Rd7 18. O-O Rad8 19. Rad1 Qe6 20. Rxd7 Rxd7 21. Re1 Re7 22. a3 Kf8 23. Bxc6 Qxc6 24. Nxe5 Qd5 25. c4 Qd4 26. Qe4 Qxe4 27. Rxe4 Bf5 28. Re3 f6 29. Nf3 Rxe3 30. fxe3 Bd3 31. Nd2 f5 32. Kf2 Ke7 33. e4 fxe4 34. Ke3 Ke6 35. Kd4 Kf5 36. b5 g5 37. a4 h5 38. a5 a6 39. c6 bxc6 40. b6 c5+ 41. Ke3 1-0